00717cam a2200217 a 4500001000800000005001700008008004100025020001500066040001800081082002300099100002100122245014400143260005000287300001800337650001000355650001000365650001000375942000600385952009500391999001300486495881020240227053613.0960516s1996 ii b 001 0 eng  a8171008100 aDLCcDLCdDLC00a323.334.221bWOM.1 aJharta, Bhawana.10aWomen and politics in India :bimpact of family and education on women political activists /cBhawana Jharta ; foreword by Virbhadra Singh. aNew Delhi :bDeep & Deep Publications,c1996. axiv, 242 p. ; 0aWomen 0aWomen 0aWomen cL 001040708LaWERCLbWERCLd2024-02-27l0o323.334. WOM.p2300r2024-02-27w2024-02-27yL c503d503